Normal view
MARC view
Entry Uniform Title
001 - CONTROL NUMBER
- control field: 2702
003 - CONTROL NUMBER IDENTIFIER
- control field: NUST
005 - DATE AND TIME OF LATEST TRANSACTION
- control field: 20170615120233.0
008 - FIXED-LENGTH DATA ELEMENTS
- fixed length control field: 170615|| aca||aabn | a|a d
040 ## - CATALOGING SOURCE
- Original cataloging agency: NUST
- Transcribing agency: NUST
130 ## - HEADING--UNIFORM TITLE
- Uniform title:
- Form subdivision: Volume : 691
670 ## - SOURCE DATA FOUND
- Source citation: Work cat.: (NUST)24634: Cambridge University Press 2672, Journal of Fluid Mechanics vol 691 , 25,January,2012.
